[Event "Gatineau op"]
[Site "Gatineau CAN"]
[Date "2013.03.02"]
[Round "2"]
[White "Potvin, Daniel"]
[Black "Donev, Danail"]
[Result "0-1"]
[WhiteElo "1684"]
[BlackElo "2070"]
[PlyCount "36"]
[GameId "2160767909381465"]
[EventDate "2013.03.01"]
[EventType "swiss"]
[EventRounds "5"]
[EventCountry "CAN"]
[SourceTitle "EXT 2022"]
[Source "ChessBase"]
[SourceDate "2021.10.06"]
[SourceVersion "1"]
[SourceVersionDate "2021.10.06"]
[SourceQuality "1"]

1. b3 e5 2. Bb2 Nc6 3. e3 Nf6 4. Bb5 d6 5. Bxc6+ bxc6 6. c4 Be7 7. Ne2 c5 8. d4 cxd4 9. exd4 exd4 10. Nxd4 Bb7 11. O-O O-O 12. Nf5 Re8 13. Nxe7+ Qxe7 14. Nc3 Qe5 15. Qd2 Ng4 16. g3 Nxh2 17. f4 Qc5+ 18. Kxh2 Qh5+ 0-1

[Event "Gatineau op"]
[Site "Gatineau CAN"]
[Date "2013.03.02"]
[Round "2"]
[White "Tomalty, Alan"]
[Black "Groleau, Gilles"]
[Result "1-0"]
[WhiteElo "1767"]
[BlackElo "1969"]
[PlyCount "67"]
[GameId "2160767909381466"]
[EventDate "2013.03.01"]
[EventType "swiss"]
[EventRounds "5"]
[EventCountry "CAN"]
[SourceTitle "EXT 2022"]
[Source "ChessBase"]
[SourceDate "2021.10.06"]
[SourceVersion "1"]
[SourceVersionDate "2021.10.06"]
[SourceQuality "1"]

1. d4 Nf6 2. Nf3 e6 3. c4 b6 4. a3 Bb7 5. Bg5 h6 6. Bh4 Be7 7. e3 d5 8. Nc3 c5 9. dxc5 bxc5 10. cxd5 exd5 11. Bb5+ Kf8 12. O-O Nbd7 13. Qe2 a6 14. Ba4 g5 15. Bg3 Nb6 16. Bb3 c4 17. Bc2 Nh5 18. Be5 f6 19. Bd4 Ng7 20. h3 Qc7 21. Rfe1 Rd8 22. Rad1 Ne6 23. Qf1 Nxd4 24. Nxd4 Bc8 25. Qe2 Bc5 26. Qh5 Qf7 27. Bg6 Qg7 28. Nf5 Bxf5 29. Bxf5 Qf7 30. Qf3 Kg7 31. Ne2 Rhe8 32. Bc2 Rd6 33. Ng3 Rde6 34. Nf5+ 1-0

[Event "Gatineau op"]
[Site "Gatineau CAN"]
[Date "2013.03.02"]
[Round "2"]
[White "Voloaca, Mihnea"]
[Black "Bleau, John"]
[Result "1-0"]
[WhiteElo "2361"]
[BlackElo "1899"]
[PlyCount "69"]
[GameId "2160767909381467"]
[EventDate "2013.03.01"]
[EventType "swiss"]
[EventRounds "5"]
[EventCountry "CAN"]
[SourceTitle "EXT 2022"]
[Source "ChessBase"]
[SourceDate "2021.10.06"]
[SourceVersion "1"]
[SourceVersionDate "2021.10.06"]
[SourceQuality "1"]

1. c4 Nf6 2. Nc3 e6 3. Nf3 b6 4. g3 Bb7 5. Bg2 Be7 6. O-O O-O 7. d4 d5 8. Ne5 Nbd7 9. Bf4 c6 10. Qa4 Nxe5 11. Bxe5 a6 12. Qb3 Nd7 13. Bf4 b5 14. cxd5 cxd5 15. Rfc1 g5 16. Bc7 Qxc7 17. Nxd5 Qxc1+ 18. Rxc1 Bxd5 19. Bxd5 exd5 20. Rc7 Rad8 21. Qxd5 Nb6 22. Qb7 Nd5 23. Rxe7 Nxe7 24. Qxe7 f6 25. Qe6+ Rf7 26. Qxa6 Rxd4 27. Qxb5 Kg7 28. a4 h5 29. h3 Rdd7 30. b4 Rb7 31. Qc4 Rfc7 32. Qb3 Rc5 33. b5 g4 34. hxg4 hxg4 35. Qb4 1-0

[Event "Gatineau op"]
[Site "Gatineau CAN"]
[Date "2013.03.02"]
[Round "2"]
[White "Zhou, Qiyu"]
[Black "Forget, David"]
[Result "1-0"]
[WhiteElo "2130"]
[BlackElo "1955"]
[PlyCount "27"]
[GameId "2160767909381468"]
[EventDate "2013.03.01"]
[EventType "swiss"]
[EventRounds "5"]
[EventCountry "CAN"]
[SourceTitle "EXT 2022"]
[Source "ChessBase"]
[SourceDate "2021.10.06"]
[SourceVersion "1"]
[SourceVersionDate "2021.10.06"]
[SourceQuality "1"]

1. e4 e6 2. d4 d5 3. Nc3 Bb4 4. exd5 exd5 5. Bd3 Nf6 6. Nge2 O-O 7. O-O Re8 8. Bg5 Be7 9. Ng3 Ne4 10. Bxe7 Nxc3 11. Bxh7+ Kh8 12. Qh5 Bg4 13. Qxg4 Qxe7 14. Qh3 1-0

[Event "Gatineau op"]
[Site "Gatineau CAN"]
[Date "2013.03.02"]
[Round "3"]
[White "Bleau, John"]
[Black "De Kerpel, Stijn"]
[Result "0-1"]
[WhiteElo "1899"]
[BlackElo "2128"]
[PlyCount "114"]
[GameId "2160767909381469"]
[EventDate "2013.03.01"]
[EventType "swiss"]
[EventRounds "5"]
[EventCountry "CAN"]
[SourceTitle "EXT 2022"]
[Source "ChessBase"]
[SourceDate "2021.10.06"]
[SourceVersion "1"]
[SourceVersionDate "2021.10.06"]
[SourceQuality "1"]

1. d4 Nf6 2. c4 e6 3. g3 d5 4. Bg2 dxc4 5. Nf3 Nc6 6. Qa4 Bb4+ 7. Bd2 Bxd2+ 8. Nbxd2 O-O 9. Qxc4 Qe7 10. O-O Rd8 11. Nb3 e5 12. Nxe5 Nxe5 13. dxe5 Qxe5 14. Rac1 c6 15. Qc3 Qxc3 16. Rxc3 Rb8 17. Nc5 Rd2 18. Rd3 Rxd3 19. Nxd3 Be6 20. b3 Rd8 21. Nb2 Kf8 22. Rd1 Ke7 23. Rxd8 Kxd8 24. h4 Kc7 25. Na4 b6 26. e4 c5 27. Nc3 a6 28. f3 b5 29. Kf2 b4 30. Ne2 c4 31. bxc4 Bxc4 32. Nc1 Kb6 33. Ke3 Kc5 34. Nd3+ Bxd3 35. Kxd3 Nh5 36. f4 a5 37. Bf3 Nxg3 38. Bd1 f6 39. Bf3 g6 40. Bd1 Nh5 41. Ke3 Ng7 42. Bb3 h6 43. Bf7 g5 44. fxg5 fxg5 45. hxg5 hxg5 46. Kf3 Kd4 47. Kg4 Kxe4 48. Kxg5 Ke5 49. Bb3 Nf5 50. Kg4 Nd4 51. Ba4 Ke4 52. Be8 Ke3 53. Bf7 Ne2 54. Kf5 Kd4 55. Ke6 Nc3 56. Kd6 Nxa2 57. Bxa2 a4 0-1

[Event "Gatineau op"]
[Site "Gatineau CAN"]
[Date "2013.03.02"]
[Round "3"]
[White "Donev, Danail"]
[Black "Hamilton, Robert"]
[Result "0-1"]
[WhiteElo "2070"]
[BlackElo "2360"]
[PlyCount "58"]
[GameId "2160767909381470"]
[EventDate "2013.03.01"]
[EventType "swiss"]
[EventRounds "5"]
[EventCountry "CAN"]
[SourceTitle "EXT 2022"]
[Source "ChessBase"]
[SourceDate "2021.10.06"]
[SourceVersion "1"]
[SourceVersionDate "2021.10.06"]
[SourceQuality "1"]

1. e4 c5 2. Nc3 Nc6 3. g3 g6 4. Bg2 Bg7 5. d3 d6 6. Nge2 e6 7. O-O Nge7 8. Be3 Nd4 9. Qd2 O-O 10. Rac1 Nec6 11. Bh6 Nxe2+ 12. Nxe2 Bxb2 13. Bxf8 Bxc1 14. Qxc1 Qxf8 15. f4 Qe7 16. Nc3 f6 17. f5 Kg7 18. g4 g5 19. h4 h6 20. hxg5 hxg5 21. Ne2 exf5 22. gxf5 Qe5 23. Kf2 Bd7 24. Rh1 Rh8 25. Rxh8 Kxh8 26. Qh1+ Kg7 27. Bf3 Nd4 28. Bh5 Nxe2 29. Kxe2 Bxf5 0-1

[Event "Gatineau op"]
[Site "Gatineau CAN"]
[Date "2013.03.02"]
[Round "3"]
[White "Doubleday, William"]
[Black "Lavergne, Daniel"]
[Result "1-0"]
[WhiteElo "2025"]
[BlackElo "1683"]
[PlyCount "53"]
[GameId "2160767909381471"]
[EventDate "2013.03.01"]
[EventType "swiss"]
[EventRounds "5"]
[EventCountry "CAN"]
[SourceTitle "EXT 2022"]
[Source "ChessBase"]
[SourceDate "2021.10.06"]
[SourceVersion "1"]
[SourceVersionDate "2021.10.06"]
[SourceQuality "1"]

1. d4 Nf6 2. c4 c5 3. d5 b5 4. cxb5 a6 5. f3 Bb7 6. e4 e6 7. Nc3 exd5 8. exd5 Qe7+ 9. Kf2 d6 10. Nh3 Qd8 11. Bc4 Be7 12. Re1 O-O 13. b3 Nfd7 14. Bb2 Bf6 15. Kg1 Bd4+ 16. Kh1 Qf6 17. Qd2 axb5 18. Bxb5 Ne5 19. Ne4 Qh4 20. Bxd4 cxd4 21. Qf4 Nxf3 22. Qxf3 Rxa2 23. Nxd6 Bc8 24. Nxc8 Rxc8 25. Rf1 Rxa1 26. Qxf7+ Kh8 27. Rxa1 1-0

[Event "Gatineau op"]
[Site "Gatineau CAN"]
[Date "2013.03.02"]
[Round "3"]
[White "Dumoulin, Sylvain"]
[Black "Scantland, Patrick"]
[Result "0-1"]
[WhiteElo "1437"]
[BlackElo "1837"]
[PlyCount "82"]
[GameId "2160767909381472"]
[EventDate "2013.03.01"]
[EventType "swiss"]
[EventRounds "5"]
[EventCountry "CAN"]
[SourceTitle "EXT 2022"]
[Source "ChessBase"]
[SourceDate "2021.10.06"]
[SourceVersion "1"]
[SourceVersionDate "2021.10.06"]
[SourceQuality "1"]

1. Nc3 e5 2. e4 Nf6 3. g3 Bb4 4. Bg2 d6 5. Nge2 c6 6. O-O O-O 7. d3 Be6 8. Bg5 Nbd7 9. f4 Bg4 10. h3 Bxc3 11. bxc3 Bxe2 12. Qxe2 Qb6+ 13. Kh2 h6 14. fxe5 dxe5 15. Be3 Qa5 16. c4 c5 17. g4 Qc7 18. g5 hxg5 19. Bxg5 Nh7 20. Be7 Rfe8 21. Bh4 Qd6 22. Rab1 b6 23. Bf3 Qh6 24. Be1 Re6 25. Bd2 Qh4 26. Bg4 Rd6 27. Bxd7 Rxd7 28. Rf5 Qe7 29. Rbf1 f6 30. h4 Rad8 31. Rg1 Nf8 32. Bh6 Ne6 33. Qf2 Rf8 34. Rg6 Kh7 35. h5 gxh6 36. Rfxf6 Rxf6 37. Rxf6 Nf4 38. Rf5 Qe6 39. Qh4 Rf7 40. Qd8 Rxf5 41. exf5 Qf7 0-1

[Event "Gatineau op"]
[Site "Gatineau CAN"]
[Date "2013.03.02"]
[Round "3"]
[White "Forget, David"]
[Black "Bertrand, Daryl"]
[Result "0-1"]
[WhiteElo "1955"]
[BlackElo "2081"]
[PlyCount "84"]
[GameId "2160767909381474"]
[EventDate "2013.03.01"]
[EventType "swiss"]
[EventRounds "5"]
[EventCountry "CAN"]
[SourceTitle "EXT 2022"]
[Source "ChessBase"]
[SourceDate "2021.10.06"]
[SourceVersion "1"]
[SourceVersionDate "2021.10.06"]
[SourceQuality "1"]

1. d4 d5 2. c4 e6 3. Nc3 Be7 4. cxd5 exd5 5. Nf3 Nf6 6. Bg5 O-O 7. e3 h6 8. Bh4 Nc6 9. a3 Bg4 10. Be2 a6 11. O-O b5 12. Rc1 b4 13. Bxf6 Bxf6 14. Na2 Bd7 15. Nxb4 Nxb4 16. axb4 Qb8 17. Qb3 c6 18. Ra1 a5 19. Rfc1 Qxb4 20. Qxb4 axb4 21. Ne1 Rxa1 22. Rxa1 c5 23. dxc5 Bxb2 24. Ra7 Bc6 25. Nd3 Bc3 26. Rc7 Bb5 27. Rb7 Ba6 28. Rb6 Bc4 29. Nf4 Ra8 30. g3 Bxe2 31. Nxe2 Ra5 32. c6 Rc5 33. Nf4 Kh7 34. Kf1 g5 35. Ne2 Rc4 36. Ng1 Be5 37. Ke2 g4 38. Kd3 Rc3+ 39. Kd2 Rc4 40. Ne2 Bc7 41. Rb7 Rxc6 42. Rxb4 Ba5 0-1

[Event "Gatineau op"]
[Site "Gatineau CAN"]
[Date "2013.03.02"]
[Round "3"]
[White "Jobin, Gilles G"]
[Black "Guimond, Michel"]
[Result "1/2-1/2"]
[WhiteElo "2018"]
[BlackElo "1941"]
[PlyCount "62"]
[GameId "2160767909381476"]
[EventDate "2013.03.01"]
[EventType "swiss"]
[EventRounds "5"]
[EventCountry "CAN"]
[SourceTitle "EXT 2022"]
[Source "ChessBase"]
[SourceDate "2021.10.06"]
[SourceVersion "1"]
[SourceVersionDate "2021.10.06"]
[SourceQuality "1"]

1. Nf3 Nf6 2. g3 g6 3. Bg2 Bg7 4. d3 d6 5. O-O e5 6. Nc3 c6 7. e4 h6 8. Bd2 g5 9. Qe2 Nbd7 10. Nd1 Nf8 11. Ne3 Ng6 12. h3 g4 13. hxg4 Nxg4 14. Nf5 Bxf5 15. exf5 Ne7 16. Nh4 h5 17. Bf3 Nf6 18. Bg5 Qc7 19. d4 e4 20. Bxe4 O-O-O 21. Bf3 Rde8 22. Qc4 Nfd5 23. Bxe7 Nxe7 24. Qxf7 Bxd4 25. c3 Be5 26. f6 Nd5 27. Bxd5 cxd5 28. Qxc7+ Kxc7 29. f7 Re6 30. f4 Bg7 31. Rfe1 Rf6 1/2-1/2

[Event "Gatineau op"]
[Site "Gatineau CAN"]
[Date "2013.03.02"]
[Round "3"]
[White "Kalra, Agastya"]
[Black "Oussedik, Elias"]
[Result "1/2-1/2"]
[WhiteElo "2101"]
[BlackElo "2253"]
[PlyCount "115"]
[GameId "2160767909381477"]
[EventDate "2013.03.01"]
[EventType "swiss"]
[EventRounds "5"]
[EventCountry "CAN"]
[SourceTitle "EXT 2022"]
[Source "ChessBase"]
[SourceDate "2021.10.06"]
[SourceVersion "1"]
[SourceVersionDate "2021.10.06"]
[SourceQuality "1"]

1. e4 e6 2. d4 d5 3. Nc3 Nf6 4. e5 Nfd7 5. f4 c5 6. Nf3 Nc6 7. Be3 cxd4 8. Nxd4 Bc5 9. Qd2 O-O 10. Be2 a6 11. O-O Nxd4 12. Bxd4 Qb6 13. Bxc5 Qxc5+ 14. Kh1 b5 15. Bd3 b4 16. Na4 Qa5 17. b3 Nc5 18. Nxc5 Qxc5 19. a3 Qc3 20. Qd1 bxa3 21. Rf3 Qc5 22. Rh3 g6 23. Qe1 Ra7 24. Qh4 f5 25. Qe1 a5 26. Qc1 a4 27. Qxa3 Qd4 28. Rf3 Bd7 29. b4 Rc8 30. b5 Kf7 31. Raf1 Rc3 32. Qd6 Rb7 33. Rh3 h5 34. Bxf5 gxf5 35. Rxh5 Qc5 36. Rh7+ Kg6 37. Rxd7 Qxd6 38. Rxd6 Kf7 39. Ra6 a3 40. b6 Kg6 41. Rf2 a2 42. Rxa2 Rxb6 43. g3 Rbc6 44. Kg2 R3c4 45. h3 Rc3 46. Rb2 R3c4 47. g4 Rc3 48. Rf3 Rxc2+ 49. Rxc2 Rxc2+ 50. Kf1 Ra2 51. g5 Rc2 52. Rf2 Rxf2+ 53. Kxf2 Kh5 54. Ke3 Kg6 55. Kd4 Kh5 56. h4 Kg6 57. Kc5 Kh5 58. Kd4 1/2-1/2

[Event "Gatineau op"]
[Site "Gatineau CAN"]
[Date "2013.03.02"]
[Round "3"]
[White "Martin, Spencer"]
[Black "Tomalty, Alan"]
[Result "1-0"]
[WhiteElo "1955"]
[BlackElo "1767"]
[PlyCount "54"]
[GameId "2160767909381478"]
[EventDate "2013.03.01"]
[EventType "swiss"]
[EventRounds "5"]
[EventCountry "CAN"]
[SourceTitle "EXT 2022"]
[Source "ChessBase"]
[SourceDate "2021.10.06"]
[SourceVersion "1"]
[SourceVersionDate "2021.10.06"]
[SourceQuality "1"]

1. e4 e5 2. Nc3 Nf6 3. f4 d5 4. fxe5 Nxe4 5. d3 Qh4+ 6. g3 Nxg3 7. Nf3 Qh5 8. Nxd5 Nxh1 9. Nxc7+ Kd8 10. Nxa8 Be7 11. Bg2 Bh4+ 12. Kf1 Ng3+ 13. hxg3 Bxg3 14. Bg5+ Ke8 15. Nc7+ Kf8 16. Nd5 Nc6 17. Nf4 Bxf4 18. Bxf4 Bg4 19. c3 g6 20. Kf2 Kg7 21. Qh1 Qf5 22. Bh6+ Kg8 23. Qh4 f6 24. Qxf6 Qxf6 25. exf6 Kf7 26. Bg7 Re8 27. Ng5+ Kg8 1-0

[Event "Gatineau op"]
[Site "Gatineau CAN"]
[Date "2013.03.02"]
[Round "3"]
[White "Pacey, Kevin"]
[Black "Voloaca, Mihnea"]
[Result "1/2-1/2"]
[WhiteElo "2208"]
[BlackElo "2361"]
[PlyCount "95"]
[GameId "2160767909381479"]
[EventDate "2013.03.01"]
[EventType "swiss"]
[EventRounds "5"]
[EventCountry "CAN"]
[SourceTitle "EXT 2022"]
[Source "ChessBase"]
[SourceDate "2021.10.06"]
[SourceVersion "1"]
[SourceVersionDate "2021.10.06"]
[SourceQuality "1"]

1. g3 e5 2. c4 Nf6 3. Nc3 d5 4. cxd5 Nxd5 5. Bg2 Nb6 6. Nf3 Nc6 7. d3 Be7 8. O-O O-O 9. a3 Be6 10. Bd2 a5 11. Na4 Nxa4 12. Qxa4 Bd5 13. Be3 Re8 14. Rac1 Bf8 15. Rfe1 e4 16. dxe4 Bxe4 17. Red1 Qf6 18. Qb5 Bd6 19. Rd2 a4 20. Bd4 Qh6 21. Bc3 Ne7 22. Rcd1 Nf5 23. Nd4 Nxd4 24. Bxd4 Qe6 25. Bxe4 Qxe4 26. f3 Qe6 27. Qxb7 h5 28. Qb5 Qg6 29. Kg2 Bf4 30. e3 Bxe3 31. Bxe3 Rxe3 32. Rd8+ Rxd8 33. Rxd8+ Kh7 34. Rd5 Qc2+ 35. Kh3 g6 36. Rxh5+ Kg7 37. Qg5 Re2 38. Qh6+ Kf6 39. Qh8+ Ke6 40. Qe8+ Kd6 41. Qd8+ Ke6 42. Qe8+ Kd6 43. Qd8+ Ke6 44. Qd5+ Kf6 45. Qd4+ Ke6 46. Qd5+ Kf6 47. Qd4+ Ke6 48. Qd5+ 1/2-1/2

[Event "Gatineau op"]
[Site "Gatineau CAN"]
[Date "2013.03.02"]
[Round "3"]
[White "Sadeghi, Saeid"]
[Black "Libersan, Thierry"]
[Result "1/2-1/2"]
[WhiteElo "2026"]
[BlackElo "2113"]
[PlyCount "78"]
[GameId "2160767909381480"]
[EventDate "2013.03.01"]
[EventType "swiss"]
[EventRounds "5"]
[EventCountry "CAN"]
[SourceTitle "EXT 2022"]
[Source "ChessBase"]
[SourceDate "2021.10.06"]
[SourceVersion "1"]
[SourceVersionDate "2021.10.06"]
[SourceQuality "1"]

1. d4 d5 2. Nf3 Nf6 3. c4 e6 4. Nc3 Nbd7 5. Bg5 Be7 6. e3 c6 7. Bd3 dxc4 8. Bxc4 b5 9. Bd3 a6 10. Rc1 c5 11. Bxf6 Bxf6 12. O-O cxd4 13. exd4 Bb7 14. Be4 Bxe4 15. Nxe4 Nb6 16. Rc6 O-O 17. Nxf6+ gxf6 18. Rc5 Nd5 19. a3 Qd6 20. g3 Rfc8 21. Qc1 Rc7 22. Nd2 Rac8 23. b4 Kg7 24. Ne4 Qd8 25. Qd2 f5 26. Rxc7 Rxc7 27. Nc5 Rc6 28. Re1 h6 29. Re5 Nb6 30. Qf4 Qg5 31. Qf3 Nd5 32. h3 Qd2 33. Rxd5 exd5 34. Qxd5 Qe1+ 35. Kg2 Rf6 36. Nd7 Re6 37. Nc5 Rf6 38. Nd7 Re6 39. Nc5 Rf6 1/2-1/2

[Event "Gatineau op"]
[Site "Gatineau CAN"]
[Date "2013.03.02"]
[Round "3"]
[White "Sun, Mike"]
[Black "Desjardins, Michel"]
[Result "1/2-1/2"]
[WhiteElo "2120"]
[BlackElo "1987"]
[PlyCount "38"]
[GameId "2160767909381481"]
[EventDate "2013.03.01"]
[EventType "swiss"]
[EventRounds "5"]
[EventCountry "CAN"]
[SourceTitle "EXT 2022"]
[Source "ChessBase"]
[SourceDate "2021.10.06"]
[SourceVersion "1"]
[SourceVersionDate "2021.10.06"]
[SourceQuality "1"]

1. e4 d5 2. exd5 Qxd5 3. Nc3 Qd6 4. d4 Nf6 5. Bc4 a6 6. Nge2 b5 7. Bb3 e6 8. Bf4 Qd7 9. d5 c5 10. dxc6 Qxd1+ 11. Rxd1 Nxc6 12. O-O Bb7 13. Ng3 Na5 14. Rfe1 Be7 15. Nge4 Nxe4 16. Nxe4 Bxe4 17. Rxe4 Rd8 18. Rxd8+ Kxd8 19. Bd2 Nxb3 1/2-1/2

[Event "Gatineau op"]
[Site "Gatineau CAN"]
[Date "2013.03.02"]
[Round "3"]
[White "Valdizon, Armando"]
[Black "Hambleton, Aman"]
[Result "0-1"]
[WhiteElo "2225"]
[BlackElo "2584"]
[PlyCount "62"]
[GameId "2160767909381482"]
[EventDate "2013.03.01"]
[EventType "swiss"]
[EventRounds "5"]
[EventCountry "CAN"]
[SourceTitle "EXT 2022"]
[Source "ChessBase"]
[SourceDate "2021.10.06"]
[SourceVersion "1"]
[SourceVersionDate "2021.10.06"]
[SourceQuality "1"]

1. Nf3 Nf6 2. g3 b6 3. Bg2 Bb7 4. O-O c5 5. d3 e6 6. e4 d6 7. Re1 Be7 8. Nbd2 Qc7 9. Nf1 Nc6 10. Bf4 Ne5 11. c4 Nfd7 12. Rc1 Rc8 13. h4 Bf6 14. b3 h6 15. N1h2 a6 16. Qd2 Nxf3+ 17. Nxf3 Ne5 18. Nxe5 dxe5 19. Be3 O-O 20. Rc2 Be7 21. f4 exf4 22. Bxf4 Qd7 23. Qe2 Rcd8 24. Rd2 Qd4+ 25. Kh2 g5 26. hxg5 hxg5 27. e5 Bxg2 28. Kxg2 Kg7 29. Qg4 Kg6 30. Re4 Qa1 31. Rf2 Rh8 0-1

[Event "Gatineau op"]
[Site "Gatineau CAN"]
[Date "2013.03.02"]
[Round "3"]
[White "Wan, Kevin"]
[Black "Zhou, Qiyu"]
[Result "0-1"]
[WhiteElo "2162"]
[BlackElo "2130"]
[PlyCount "112"]
[GameId "2160767909381483"]
[EventDate "2013.03.01"]
[EventType "swiss"]
[EventRounds "5"]
[EventCountry "CAN"]
[SourceTitle "EXT 2022"]
[Source "ChessBase"]
[SourceDate "2021.10.06"]
[SourceVersion "1"]
[SourceVersionDate "2021.10.06"]
[SourceQuality "1"]

1. e4 e5 2. Nf3 Nc6 3. Bb5 a6 4. Bxc6 dxc6 5. O-O Bg4 6. h3 h5 7. d3 Qf6 8. Nbd2 Ne7 9. c3 Ng6 10. d4 Nf4 11. Kh2 O-O-O 12. Qb3 Be6 13. Qc2 g5 14. dxe5 Qg7 15. Nb3 Bxb3 16. axb3 Ne6 17. Be3 g4 18. Ng1 Qxe5+ 19. Kh1 Bh6 20. Bxh6 Rxh6 21. Rad1 Rg8 22. Qd2 Rf6 23. f3 gxh3 24. Nxh3 Nf4 25. Qd7+ Kb8 26. Qd4 Qxd4 27. cxd4 Nxh3 28. gxh3 Rg3 29. Rd3 Rfg6 30. Rd2 Rxh3+ 31. Rh2 Rhg3 32. Rxh5 Rg2 33. Rh2 R2g3 34. Rh5 Rf6 35. f4 Rg4 36. Rh3 Rgxf4 37. Rxf4 Rxf4 38. Re3 Rf2 39. e5 Kc8 40. Kg1 Rxb2 41. Rf3 Kd8 42. Rxf7 Rxb3 43. Rf8+ Ke7 44. Rc8 Kd7 45. Rg8 a5 46. Rg7+ Ke6 47. Rxc7 a4 48. Rc8 Rb4 49. Rd8 a3 50. Re8+ Kd7 51. Ra8 Rxd4 52. Rxa3 Ke6 53. Re3 Rd5 54. Rb3 b5 55. Rc3 c5 56. Kf2 Rxe5 0-1

[Event "Gatineau op"]
[Site "Gatineau CAN"]
[Date "2013.03.03"]
[Round "3"]
[White "Cova, Ramon"]
[Black "Lebrun, Roger"]
[Result "1-0"]
[WhiteElo "2075"]
[BlackElo "1924"]
[PlyCount "168"]
[GameId "2160767909381484"]
[EventDate "2013.03.01"]
[EventType "swiss"]
[EventRounds "5"]
[EventCountry "CAN"]
[SourceTitle "EXT 2022"]
[Source "ChessBase"]
[SourceDate "2021.10.06"]
[SourceVersion "1"]
[SourceVersionDate "2021.10.06"]
[SourceQuality "1"]

1. d4 Nf6 2. Nf3 g6 3. Nc3 Bg7 4. e4 d6 5. Be3 O-O 6. Qd2 c6 7. Be2 b5 8. a3 a6 9. O-O Nbd7 10. Bh6 Bb7 11. Bxg7 Kxg7 12. e5 Ne8 13. Qf4 Nb6 14. Qh4 Nc7 15. Rad1 Nbd5 16. Ne4 f5 17. Neg5 h6 18. Nh3 Ne6 19. c4 bxc4 20. Bxc4 Qe8 21. Bxd5 cxd5 22. exd6 exd6 23. Nf4 g5 24. Nxe6+ Qxe6 25. Qh5 Bc6 26. Rfe1 Qf6 27. Nd2 g4 28. g3 Be8 29. Qh4 Qxh4 30. gxh4 Bd7 31. Nb1 Kf6 32. Nc3 Be6 33. Ne2 Rab8 34. Nf4 Bf7 35. Rd2 Rfc8 36. Rde2 Rc7 37. Kg2 a5 38. Rd2 Rb3 39. Re3 Rcb7 40. Rxb3 Rxb3 41. Rc2 Rf3 42. Ne2 Rb3 43. Nc1 Rb7 44. b3 f4 45. Rc6 Ke7 46. Rc3 Bg6 47. f3 Bh5 48. Nd3 gxf3+ 49. Kf2 Bg6 50. Nxf4 Be4 51. Nd3 Kf6 52. Ne1 Kf5 53. Nxf3 Kf4 54. Ne1 Kg4 55. Rg3+ Kxh4 56. Ng2+ Bxg2 57. Kxg2 Kh5 58. Kf2 Rb6 59. Ke2 Rb7 60. Kd2 Rf7 61. Kc3 Rc7+ 62. Kb2 Rf7 63. b4 axb4 64. axb4 Rf2+ 65. Kb3 Rxh2 66. b5 Rh1 67. Kb4 Kh4 68. Rg6 Rb1+ 69. Ka5 Ra1+ 70. Kb6 Ra4 71. Rxh6+ Kg5 72. Rxd6 Rxd4 73. Kc6 Rb4 74. Rxd5+ Kf6 75. b6 Ke6 76. Rd1 Rc4+ 77. Kb5 Rc2 78. b7 Rb2+ 79. Kc6 Rc2+ 80. Kb6 Rb2+ 81. Kc7 Rc2+ 82. Kd8 Rb2 83. Rd7 Rh2 84. Re7+ Kf6 1-0

[Event "Gatineau op"]
[Site "Gatineau CAN"]
[Date "2013.03.03"]
[Round "4"]
[White "Bertrand, Daryl"]
[Black "Wan, Kevin"]
[Result "0-1"]
[WhiteElo "2081"]
[BlackElo "2162"]
[PlyCount "72"]
[GameId "2160767909381485"]
[EventDate "2013.03.01"]
[EventType "swiss"]
[EventRounds "5"]
[EventCountry "CAN"]
[SourceTitle "EXT 2022"]
[Source "ChessBase"]
[SourceDate "2021.10.06"]
[SourceVersion "1"]
[SourceVersionDate "2021.10.06"]
[SourceQuality "1"]

1. e4 c5 2. d4 cxd4 3. c3 dxc3 4. Nxc3 Nc6 5. Nf3 d6 6. Bc4 e6 7. O-O Nf6 8. Qe2 Be7 9. Rd1 e5 10. Ng5 O-O 11. Bxf7+ Rxf7 12. Qc4 Qf8 13. Nb5 Ne8 14. Nxf7 Qxf7 15. Qxf7+ Kxf7 16. Be3 a6 17. Nc3 Be6 18. Rac1 Nf6 19. f3 Rd8 20. Bb6 Rd7 21. g4 Bd8 22. Bxd8 Rxd8 23. Kf2 h5 24. g5 Nh7 25. h4 Nf8 26. b3 Ng6 27. Ne2 Ke7 28. Ng3 Nf4 29. Rd2 g6 30. Ne2 Nxe2 31. Rxe2 Kd7 32. Rec2 Rf8 33. Kg3 Rf7 34. Rd2 Nd4 35. Rf1 Bg4 36. f4 Ne2+ 0-1

[Event "Gatineau op"]
[Site "Gatineau CAN"]
[Date "2013.03.03"]
[Round "4"]
[White "Bleau, John"]
[Black "Potvin, Daniel"]
[Result "1-0"]
[WhiteElo "1899"]
[BlackElo "1684"]
[PlyCount "42"]
[GameId "2160767909381486"]
[EventDate "2013.03.01"]
[EventType "swiss"]
[EventRounds "5"]
[EventCountry "CAN"]
[SourceTitle "EXT 2022"]
[Source "ChessBase"]
[SourceDate "2021.10.06"]
[SourceVersion "1"]
[SourceVersionDate "2021.10.06"]
[SourceQuality "1"]

1. d4 d5 2. c4 e6 3. g3 c5 4. cxd5 Qxd5 5. Nf3 cxd4 6. Qxd4 Nf6 7. Nc3 Qxd4 8. Nxd4 Bc5 9. Ndb5 Na6 10. Bg2 O-O 11. a3 Rd8 12. O-O e5 13. b4 Bb6 14. Bg5 h6 15. Bxf6 gxf6 16. Nd5 Rxd5 17. Bxd5 Nc7 18. Nxc7 Bxc7 19. Rac1 Bd6 20. Rfd1 Be7 21. Rc7 Kf8 1-0

[Event "Gatineau op"]
[Site "Gatineau CAN"]
[Date "2013.03.03"]
[Round "4"]
[White "De Kerpel, Stijn"]
[Black "Doubleday, William"]
[Result "1/2-1/2"]
[WhiteElo "2128"]
[BlackElo "2025"]
[PlyCount "41"]
[GameId "2160767909381487"]
[EventDate "2013.03.01"]
[EventType "swiss"]
[EventRounds "5"]
[EventCountry "CAN"]
[SourceTitle "EXT 2022"]
[Source "ChessBase"]
[SourceDate "2021.10.06"]
[SourceVersion "1"]
[SourceVersionDate "2021.10.06"]
[SourceQuality "1"]

1. e4 c5 2. Nf3 Nc6 3. Bb5 d6 4. O-O Bg4 5. h3 Bxf3 6. Qxf3 Rc8 7. c3 a6 8. Bxc6+ Rxc6 9. d4 cxd4 10. cxd4 g6 11. Be3 Bg7 12. Nc3 Nf6 13. Rac1 O-O 14. Rfd1 Qa5 15. a3 Rfc8 16. Qe2 e6 17. f3 d5 18. Qd2 Qd8 19. Bg5 Qd7 20. Qc2 Rc4 21. e5 1/2-1/2

[Event "Gatineau op"]
[Site "Gatineau CAN"]
[Date "2013.03.03"]
[Round "4"]
[White "Forget, David"]
[Black "Smilovici, Emil"]
[Result "1/2-1/2"]
[WhiteElo "1955"]
[BlackElo "2010"]
[PlyCount "62"]
[GameId "2160767909381488"]
[EventDate "2013.03.01"]
[EventType "swiss"]
[EventRounds "5"]
[EventCountry "CAN"]
[SourceTitle "EXT 2022"]
[Source "ChessBase"]
[SourceDate "2021.10.06"]
[SourceVersion "1"]
[SourceVersionDate "2021.10.06"]
[SourceQuality "1"]

1. d4 d5 2. c4 e6 3. Nc3 c5 4. cxd5 exd5 5. dxc5 d4 6. Ne4 Nc6 7. Nf3 Qd5 8. Nd6+ Bxd6 9. cxd6 Qxd6 10. g3 Nf6 11. Bg2 O-O 12. O-O Rd8 13. Bg5 h6 14. Bf4 Qb4 15. Qd2 Qxd2 16. Bxd2 Bf5 17. Rac1 Be4 18. Rfd1 g5 19. Ne1 Bxg2 20. Kxg2 Ne4 21. f3 Nxd2 22. Rxd2 Rd7 23. Rcd1 Rad8 24. Nc2 Kf8 25. Rd3 Ke7 26. g4 a6 27. Kg3 f6 28. h4 Ke6 29. hxg5 hxg5 30. f4 gxf4+ 31. Kxf4 Kd5 1/2-1/2